00474nam a2200109Ia 4500008004100000050002400041100002500065245014300090260008600233300003300319521001200352140724s9999 xx 000 0 und d aRC 495b.Ab136 2009 aAbdul Salam, Ayal N. aEffectiveness of therapeutic communication in alleviating anxiety among adults patients in a medical surgical ward /cAyni N. Abdul Salam. aLas Piñas, Philippines :bSouthville International School and Colleges,cc2009. a44 p. :bcol. ill. ;c28 cm. aNursing